000
00291nam a22001337a 4500
008
170623b xxu||||| |||| 00| 0 eng d
020
_a
0133899748
041
_a
eng
080
_2
2ND
_a
94
100
_a
16
101
_a
SHH
245
_a
A HISTORY OF ENGLAND
_c
ROBERTS,C
942
_2
udc
_c
BK
999
_c
18962
_d
18962